| 000 | 004790000a22001930004500 | ||
|---|---|---|---|
| 001 | 001207 | ||
| 003 | MACL | ||
| 005 | 20150801155216.0 | ||
| 008 | 150801b xxu||||| |||| 00| 0 eng d | ||
| 040 |
_aMACL _cMACL |
||
| 041 | _aEnglish | ||
| 082 | _a352/MUD | ||
| 100 |
_aMudgal, Rahul _94152 |
||
| 245 |
_aLocal Self Government in India _cRahul Mudgal |
||
| 260 |
_aDelhi _c1998 _bBook Enclave, |
||
| 350 | _a495 | ||
| 650 |
_aPublic Administration _94154 |
||
| 942 |
_k352 _cBK _2ddc |
||
| 999 |
_c1202 _d1202 |
||